<?xml version="1.0" encoding="UTF-8"?>
<record
    xmlns:xsi="http://www.w3.org/2001/XMLSchema-instance"
    xsi:schemaLocation="http://www.loc.gov/MARC21/slim http://www.loc.gov/standards/marcxml/schema/MARC21slim.xsd"
    xmlns="http://www.loc.gov/MARC21/slim">

  <leader>00586nam a2200181 i 4500</leader>
  <datafield tag="999" ind1=" " ind2=" ">
    <subfield code="c">7591</subfield>
    <subfield code="d">7591</subfield>
  </datafield>
  <controlfield tag="003">OSt</controlfield>
  <controlfield tag="005">20211222131044.0</controlfield>
  <controlfield tag="008">210616s2021    sp |||| |    u0|| 0|spa d</controlfield>
  <datafield tag="020" ind1=" " ind2=" ">
    <subfield code="a">9788441544161</subfield>
  </datafield>
  <datafield tag="040" ind1=" " ind2=" ">
    <subfield code="a">B-UPV </subfield>
    <subfield code="b">spa</subfield>
    <subfield code="c">CDMR</subfield>
  </datafield>
  <datafield tag="100" ind1=" " ind2=" ">
    <subfield code="a">Castro Fern&#xE1;ndez, Valvanera</subfield>
    <subfield code="9">4793</subfield>
  </datafield>
  <datafield tag="245" ind1="1" ind2="3">
    <subfield code="a">La aventura de innovar : </subfield>
    <subfield code="b">gu&#xED;a de navegaci&#xF3;n para empresas y emprendedores / </subfield>
    <subfield code="c">Valvanera Castro Fern&#xE1;ndez</subfield>
  </datafield>
  <datafield tag="260" ind1=" " ind2=" ">
    <subfield code="a">Madrid : </subfield>
    <subfield code="b">Anaya Multimedia, </subfield>
    <subfield code="c">2021</subfield>
  </datafield>
  <datafield tag="300" ind1=" " ind2=" ">
    <subfield code="a">280 p. : </subfield>
    <subfield code="b">il. ; </subfield>
    <subfield code="c">23 cm</subfield>
  </datafield>
  <datafield tag="650" ind1=" " ind2="0">
    <subfield code="9">3077</subfield>
    <subfield code="a">Emprenedoria</subfield>
  </datafield>
  <datafield tag="650" ind1=" " ind2="0">
    <subfield code="9">4314</subfield>
    <subfield code="a">Empreses</subfield>
    <subfield code="x">Creaci&#xF3;</subfield>
  </datafield>
  <datafield tag="942" ind1=" " ind2=" ">
    <subfield code="2">udc</subfield>
    <subfield code="c">MON</subfield>
  </datafield>
  <datafield tag="952" ind1=" " ind2=" ">
    <subfield code="0">0</subfield>
    <subfield code="1">0</subfield>
    <subfield code="4">0</subfield>
    <subfield code="7">0</subfield>
    <subfield code="a">CDMR</subfield>
    <subfield code="b">CDMR</subfield>
    <subfield code="d">2021-12-22</subfield>
    <subfield code="e">Donaci&#xF3;</subfield>
    <subfield code="g">19.95</subfield>
    <subfield code="l">0</subfield>
    <subfield code="o">Cm 1/43</subfield>
    <subfield code="p">CDMR21120121</subfield>
    <subfield code="r">2021-12-22</subfield>
    <subfield code="w">2021-12-22</subfield>
    <subfield code="y">MON</subfield>
  </datafield>
</record>
